Chanson d'Hazbin Hotel : Loser,Baby - Statistiques

Statistiques générales
  • Ce quiz a été pris 283 fois
  • Le résultat moyen est 112 sur 297
Statistiques - réponses
Réponse % Correct
loser,
82%
loser
82%
à
80%
a
80%
un
75%
Un
75%
tu
74%
Tu
74%
pas
69%
te
69%
de
68%
es
67%
Ca
65%
ça
65%
va
65%
là ?
64%
la
64%
ta
63%
une
63%
Une
63%
au
60%
comme
60%
fort
60%
sais
60%
T'es
60%
t'es
60%
t'es.
60%
vie
60%
vie !
60%
que
59%
tout
59%
plus
58%
moi
57%
moi,
57%
aussi
56%
aussi !
56%
c'est
56%
est
56%
putain
55%
comment
52%
me
52%
Si
52%
si
52%
robinet
51%
Et
50%
et
50%
chéri !
49%
chéri,
49%
Chéri
49%
foirade !
49%
gérer.
49%
rouillé !
49%
sens
49%
je
48%
Toute
48%
Laisse
47%
laisse.
47%
petit
47%
vrai !
47%
bien
46%
qu'un
45%
dire
44%
quoi ?
44%
mais
43%
Mais
43%
y
43%
petite
42%
salope
41%
en
40%
cam
39%
bébé
38%
bébé !
38%
fade.
38%
foiré !
38%
le
38%
sans
36%
Attends
35%
dégueu
35%
prends
35%
suis
35%
fini !
33%
paumé,
33%
J'ai
29%
j'ai
29%
éclatée.
28%
périmé !
28%
poireau
28%
t'as
28%
les
26%
qui
25%
compagnie !
24%
j'suis
24%
J'suis
24%
Merci
24%
mon
24%
vendu,
24%
vendu
24%
ducon.
23%
pour
23%
énergie
22%
ne
22%
d'loser
21%
Hé !
21%
d'la
20%
On
20%
on
20%
toi
20%
toi,
20%
des
19%
pute
19%
crois
18%
mieux
18%
abruti
17%
connard
17%
passive
17%
sextoys
17%
t'dis
17%
tous
17%
sentir
16%
d'argent !
15%
jeux
15%
lâche
15%
oui,
15%
qu't'as
15%
trou
15%
censé
14%
ego ?
14%
merde
14%
âme
13%
claqué !
13%
drogues
13%
même
13%
même,
13%
mes
13%
oh
13%
raté !
13%
toutes
13%
dans
12%
Il
12%
monde
12%
pensées !
12%
personne
12%
seul !
12%
losers,
11%
losers
11%
pire
11%
psychopathe !
11%
addiction
10%
année !
10%
Car
10%
comprendre,
10%
déflorer !
10%
détend,
10%
ensemble,
10%
grave
10%
Ha
10%
Ha !
10%
idées
10%
J'me
10%
Ouais
10%
passent !
10%
pourrissent
10%
taré !
10%
aux
9%
cru
9%
d'année
9%
horreurs
9%
jamais
9%
moindre
9%
moins
9%
porte
9%
pourrait
9%
p't-être
9%
truc
9%
aucun
8%
aura
8%
bout
8%
d'une
8%
meilleure
8%
m'épate ?
8%
Notre
8%
ouvert
8%
poivrot
8%
tendres !
8%
chante
7%
bouffe
6%
Maintenant
6%
vit
6%
gars !
5%
vas-y,
5%
allez !
4%
piégé
4%
t'aimer,
4%
temps
4%
faut
3%
J'essaye
3%
Reprends
3%
Sois
3%
d'apprendre
2%
d'problème !
1%
t'respecter,
0%
Aucun quiz correspondant
Distribution des résultats
% des personnes avec chaque résultat
Percentile par nombre de réponses
Votre historique - résultats
Vous n’avez pas pris ce quiz